| 000 | 00614nam a2200181Ia 4500 | ||
|---|---|---|---|
| 008 | 090124s9999 xx 000 0 und d | ||
| 082 |
_b28773 _a1694 |
||
| 100 | _aशेवाळकर राम | ||
| 245 | _a महाकवी भास कृत (ठेव योजना) | ||
| 250 | _a1 | ||
| 260 | _c1996 | ||
| 300 | _a398 | ||
| 600 | _aशेवाळकर राम | ||
| 630 | _a महाकवी भास कृत (ठेव योजना) | ||
| 700 | _aशेवाळकर राम | ||
| 730 | _a महाकवी भास कृत (ठेव योजना) | ||
| 942 | _cBOOK | ||
| 999 |
_c142229 _d142229 |
||